Wisps de Sonic - Statistiques

Statistiques générales
  • Ce quiz a été pris 37 fois
  • Le résultat moyen est 10 sur 17
Statistiques - réponses
Couleur Pouvoir % Correct
Orange Fusée Orange
93%
Jaune Vrille Jaune
86%
Bleu Cube Bleu
79%
Cyan Laser Cyan
79%
Rose Boule d'Épines Rose
62%
Cramoisi Aigle Cramoisi
59%
Blanc Dash / Turbo
59%
Ivoire Éclair d'Ivoire
59%
Mauve Vide Mauve
59%
Jade Fantôme de Jade
55%
Noir Bombe Noire
52%
Rouge Éclat Rouge
52%
Violet Frénésie Violette
48%
Vert Flotteur Vert
45%
Indigo Asteroïde Indigo
38%
Gris Séisme Gris
38%
Magenta Note de musique Magenta
10%
Aucun quiz correspondant
Distribution des résultats
% des personnes avec chaque résultat
Percentile par nombre de réponses
Votre historique - résultats
Vous n’avez pas pris ce quiz